European Countries - Tile Select - Statistics

General Stats
  • This quiz has been taken 54 times
  • The average score is 88 of 112
Answer Stats
Question Tile Select % Correct
that have territory in the geographic Balkan region. Austria No
100%
that have territory in the geographic Balkan region. Vatican City No
98%
that have a capital that has a population of under 300,000. (city limits) France No
96%
that have territory in the geographic Balkan region. North Macedonia Yes
96%
that have territory in the geographic Balkan region. Poland No
96%
that have a capital that has a population of under 300,000. (city limits) Russia No
96%
that have a capital that has a population of under 300,000. (city limits) Ukraine No
96%
that have a capital that has a population of under 300,000. (city limits) Bulgaria No
94%
that have a capital that has a population of under 300,000. (city limits) Denmark No
94%
that have yellow or gold on their flag. Denmark No
94%
that have yellow or gold on their flag. Finland No
94%
that were not involved in World War II. France No
94%
that were not involved in World War II. Germany No
94%
that have yellow or gold on their flag. Italy No
94%
that have yellow or gold on their flag. Netherlands No
94%
that have yellow or gold on their flag. Norway No
94%
that have a capital that has a population of under 300,000. (city limits) Poland No
94%
that were not involved in World War II. Poland No
94%
that have a capital that has a population of under 300,000. (city limits) Portugal No
94%
that were not involved in World War II. United Kingdom No
94%
that have areas and populations above 80,000 sq. km. and 10,000,000 people. Albania No
92%
that have a capital that has a population of under 300,000. (city limits) Czech Republic No
92%
that have areas and populations above 80,000 sq. km. and 10,000,000 people. Estonia No
92%
that have a capital that has a population of under 300,000. (city limits) Iceland Yes
92%
that have territory in the geographic Balkan region. Kosovo Yes
92%
that have areas and populations above 80,000 sq. km. and 10,000,000 people. Latvia No
92%
that have a capital that has a population of under 300,000. (city limits) Malta Yes
92%
that have territory in the geographic Balkan region. Russia No
92%
that were not involved in World War II. Russia No
92%
that have a population density of at least 200 people per sq km. Sweden No
92%
that have yellow or gold on their flag. Albania No
90%
that were not involved in World War II. Hungary No
90%
that have a population density of at least 200 people per sq km. Iceland No
90%
that have areas and populations above 80,000 sq. km. and 10,000,000 people. Luxembourg No
90%
that have territory in the geographic Balkan region. Montenegro Yes
90%
that have territory in the geographic Balkan region. Serbia Yes
90%
that have yellow or gold on their flag. Belarus No
88%
that have territory in the geographic Balkan region. Bosnia and Herzegovina Yes
88%
that have yellow or gold on their flag. Bulgaria No
88%
that have territory in the geographic Balkan region. Croatia Yes
88%
that have a capital that has a population of under 300,000. (city limits) Luxembourg Yes
88%
that have a population density of at least 200 people per sq km. Poland No
88%
that recognize Kosovo. Serbia No
88%
that have yellow or gold on their flag. Spain Yes
88%
that were not involved in World War II. Finland No
85%
that have a population density of at least 200 people per sq km. Lithuania No
85%
that have a capital that has a population of under 300,000. (city limits) Monaco Yes
85%
that have yellow or gold on their flag. Sweden Yes
85%
that have areas and populations above 80,000 sq. km. and 10,000,000 people. Switzerland No
85%
that have territory in the geographic Balkan region. Ukraine No
85%
that have yellow or gold on their flag. Ukraine Yes
85%
that were not involved in World War II. Andorra Yes
83%
that have areas and populations above 80,000 sq. km. and 10,000,000 people. Finland No
83%
that have yellow or gold on their flag. Germany Yes
83%
that have yellow or gold on their flag. Ireland No
83%
that have a population density of at least 200 people per sq km. Monaco Yes
83%
that have a capital that has a population of under 300,000. (city limits) Montenegro Yes
83%
that were not involved in World War II. Switzerland Yes
83%
that have yellow or gold on their flag. Belgium Yes
81%
that were not involved in World War II. Bulgaria No
81%
that have a capital that has a population of under 300,000. (city limits) Croatia No
81%
that were not involved in World War II. Czech Republic No
81%
that recognize Kosovo. Luxembourg Yes
81%
that recognize Kosovo. Netherlands Yes
81%
that recognize Kosovo. Russia No
81%
that recognize Kosovo. Belarus No
79%
that have territory in the geographic Balkan region. Bulgaria Yes
79%
that have yellow or gold on their flag. North Macedonia Yes
79%
that have areas and populations above 80,000 sq. km. and 10,000,000 people. Norway No
79%
that were not involved in World War II. Serbia No
79%
that have territory in the geographic Balkan region. Slovenia Yes
79%
that recognize Kosovo. United Kingdom Yes
79%
that have areas and populations above 80,000 sq. km. and 10,000,000 people. United Kingdom Yes
79%
that have a population density of at least 200 people per sq km. Netherlands Yes
77%
that have a population density of at least 200 people per sq km. Slovenia No
77%
that have a population density of at least 200 people per sq km. Belgium Yes
75%
that have territory in the geographic Balkan region. Moldova No
75%
that were not involved in World War II. Sweden Yes
75%
that have a population density of at least 200 people per sq km. Ireland No
73%
that were not involved in World War II. Ireland Yes
73%
that recognize Kosovo. Portugal Yes
73%
that have areas and populations above 80,000 sq. km. and 10,000,000 people. Romania Yes
73%
that have a population density of at least 200 people per sq km. Austria No
71%
that recognize Kosovo. Austria Yes
71%
that have areas and populations above 80,000 sq. km. and 10,000,000 people. Austria No
71%
that have territory in the geographic Balkan region. Hungary No
71%
that have a population density of at least 200 people per sq km. Portugal No
71%
that have a population density of at least 200 people per sq km. San Marino Yes
71%
that have areas and populations above 80,000 sq. km. and 10,000,000 people. Belgium No
69%
that have territory in the geographic Balkan region. Greece Yes
69%
that have a population density of at least 200 people per sq km. Malta Yes
69%
that have areas and populations above 80,000 sq. km. and 10,000,000 people. Czech Republic No
67%
that have a population density of at least 200 people per sq km. Liechtenstein Yes
67%
that were not involved in World War II. San Marino Yes
67%
that have a capital that has a population of under 300,000. (city limits) Slovenia Yes
63%
that have a population density of at least 200 people per sq km. United Kingdom Yes
63%
that have areas and populations above 80,000 sq. km. and 10,000,000 people. Belarus No
60%
that recognize Kosovo. Bosnia and Herzegovina No
60%
that were not involved in World War II. Portugal Yes
60%
that recognize Kosovo. Romania No
60%
that recognize Kosovo. Slovakia No
60%
that have a capital that has a population of under 300,000. (city limits) Switzerland Yes
58%
that recognize Kosovo. Ukraine No
58%
that have areas and populations above 80,000 sq. km. and 10,000,000 people. Sweden Yes
52%
that have areas and populations above 80,000 sq. km. and 10,000,000 people. Netherlands No
50%
that recognize Kosovo. Croatia Yes
48%
that have a population density of at least 200 people per sq km. Germany Yes
48%
that recognize Kosovo. Greece No
44%
that have areas and populations above 80,000 sq. km. and 10,000,000 people. Portugal Yes
44%
that recognize Kosovo. Bulgaria Yes
33%
that recognize Kosovo. Spain No
33%
that have yellow or gold on their flag. Slovenia Yes
15%
No matching quizzes found
Score Distribution
Percent of People with Each Score
Percentile by Number Answered
Your Score History
You have not taken this quiz